000 00307 a2200109 4500
001 ART_30495
005 20260410162003.0
008 260409a
245 1 0 _aEl poder político y el Estado
100 1 _aChantebout, Bernard
773 0 _tForo político
_g- Vol. XIX (abr. 1997)
_wREV30389
999 _c31467
_d31467